| 000 | 00535nam a2200157Ia 4500 | ||
|---|---|---|---|
| 005 | 20250108002429.0 | ||
| 008 | 240331s9999 xx 000 0 und d | ||
| 020 | _a0195625870 | ||
| 082 |
_bSUB _a950 |
||
| 245 | 0 |
_aSubaltern studies V : _bwritings on South Asian History and Society |
|
| 260 |
_aNew Delhi _bOxford University Press _c1987 |
||
| 300 | _aix, 296 p ., | ||
| 500 | _aThe Fifth volume of Subaltern Studies comprises of five essays and two discussion pieces on the Subaltern Project | ||
| 700 |
_aGuha, R. _eedt |
||
| 942 | _cL | ||
| 999 |
_c3519 _d3519 |
||